Central Library OPAC University of Rajshahi

Five American poets : (Record no. 18614)

MARC details
000 -LEADER
fixed length control field 00758nam a22002292i 4500
001 - CONTROL NUMBER
control field 18614
003 - CONTROL NUMBER IDENTIFIER
rucl marc code BD-RjUL
005 - DATE AND TIME OF LATEST TRANSACTION
control field 20211209000317.0
008 - FIXED-LENGTH DATA ELEMENTS--GENERAL INFORMATION
fixed length control field 140220s1963 enk 000 0 eng d
035 ## - SYSTEM CONTROL NUMBER
System control number OCLC ocm02156769 from D950119M
-- (BD-RjUL)18672
040 ## - CATALOGING SOURCE
Original cataloging agency GZP
Transcribing agency GZP
Modifying agency OCL
-- BD-RjUL
Language of cataloging eng
041 ## - LANGUAGE CODE
Language code of text/sound track or separate title eng
082 ## - DEWEY DECIMAL CLASSIFICATION NUMBER
Classification number 821.8
Author mark and year FIV 1963
090 ## - LOCALLY ASSIGNED LC-TYPE CALL NUMBER (OCLC); LOCAL CALL NUMBER (OCLC)
Classification number (OCLC) (R) ; Classification number, CALL (RLIN) (NR) PS614
Local cutter number (OCLC) ; Book number/undivided call number, CALL (RLIN) .F55
245 00 - TITLE STATEMENT
Title Five American poets :
Remainder of title Edgar Bowers, Howard Nemerov, Hyam Plutzik, Louis Simpson, William Stafford /
Statement of responsibility, etc. edited by Thom Gunn and Ted Hughes
260 ## - PUBLICATION, DISTRIBUTION, ETC. (IMPRINT)
Place of publication, distribution, etc. London :
Name of publisher, distributor, etc. Faber and Faber,
Date of publication, distribution, etc. c1963.
300 ## - PHYSICAL DESCRIPTION
Pagination 110 p. ;
Size 23 cm
650 #0 - SUBJECT ADDED ENTRY--TOPICAL TERM
Topical term or geographic name as entry element American poetry
Chronological subdivision 20th century
9 (RLIN) 51744
700 1# - ADDED ENTRY--PERSONAL NAME
Personal name Gunn, Thom.
Personal name Hughes, Ted,
Dates associated with a name 1930-1998
942 ## - ADDED ENTRY ELEMENTS (KOHA)
Source of classification or shelving scheme Dewey Decimal Classification
Koha item type Books
Holdings
Lost status Source of classification or shelving scheme Damaged status Not for loan Collection code Permanent Location Current Location Shelving location Date acquired Source of acquisition Cost, normal purchase price Total Checkouts Full call number Date last seen Copy number Koha item type
  Dewey Decimal Classification   Not For Loan Fiction Central Library, University of Rajshahi Central Library, University of Rajshahi Reading Room 18/12/1969 Zeit 0.00   821.8 FIV 1963 20/02/2014 C-1 Books